000
00313nam a2200109 a 4500
005
20140408090008.0
008
021113s19uu xx 00 eng d
050
_a
PGS '98
_b
BOS #6
100
_a
Bossert, Chantal P.
245
_a
Effects of watching TV to the study habits of grade 6 students of SIS.
942
_c
PASS
999
_c
96128
_d
96128